| 000 | 00878 a2200217 4500 | ||
|---|---|---|---|
| 003 | Nust | ||
| 005 | 20221206105114.0 | ||
| 010 | _a 89048456 | ||
| 020 | _a0830634452 (pbk.) : | ||
| 020 | _a083068445X : | ||
| 040 | _cNust | ||
| 082 | 0 | 0 | _a621.3815372,HOR |
| 100 | 1 | _aHorn, Delton T. | |
| 245 | 1 | 0 |
_aAnalog switches : _bapplications & projects / _cDelton T. Horn. |
| 250 | _a1st ed. | ||
| 260 |
_aBlue Ridge Summit, PA : _bTAB Books, _cc1990. |
||
| 300 |
_a148 p. : _bill. ; _c24 cm. |
||
| 505 | _aBasics of Switching (Page-1), Transistor Switching (Page-25), Two-Transistor Switches (Page-39), FET Switches (Page-49), SCR Switches (Page-57), Multi-Vibrators (Page-69), Digitally Controlled Bilateral Switches (Page-91), Comparators (Page-113), Sample and Holds (Page-125), Switching Projects (Page-131). | ||
| 650 | 0 | _aTelecommunication Engineering. | |
| 942 |
_2ddc _cBK |
||
| 999 |
_c180068 _d180068 |
||